00384nam a2200145Ia 450000500170000000800410001702000150005808200130007324500300008626000440011630000170016065000110017765000190018870000310020720240718041329.0240331s9999 xx 000 0 und d a0195082621 bFUNa200 0aFundamentalism and gender aNew YorkbOxford University Pressc1994 avi, 220 p ., aGender aFundamentalism aHawley, Stratton Johneedt